| 000 | 01585nam0a2200397 4500 | ||
|---|---|---|---|
| 001 | RU\NLR\BIBL_A\022129411 | ||
| 005 | 20240227111840.0 | ||
| 010 |
_a978-5-4370-0395-4 _91000 |
||
| 021 |
_aRU _bКН-П-24-049576 _9КН-П-24-4928 |
||
| 021 |
_aRU _bКН-П-25-077721 _9КН-П-25-7539 |
||
| 021 |
_aRU _bКН-П-23-079601 _9КН-П-23-8052 |
||
| 035 | _a(NLR Aleph) 022129411 | ||
| 035 | _a(RuMoRGB)012441237 | ||
| 090 |
_a12830712 _c12830712 |
||
| 100 | _a20240207d2024 u y0rusy50 ca | ||
| 101 | 0 | _arus | |
| 102 | _aRU | ||
| 105 | _aa z 000ay | ||
| 181 | 0 |
_ai3 _baxxe |
|
| 181 | 0 |
_ab2 _bxb2e |
|
| 182 | 1 | _an | |
| 200 | 1 |
_aОдин маленький поросёнок и одно большое свинство _e[для младшего школьного возраста] _fИван Семёнов _gиллюстрации Марии Павликовой |
|
| 203 |
_aТекст _aИзображение _bвизуальные _cнепосредственные |
||
| 210 |
_aМосква _cРозовый жираф _d2024 [т. е. 2023] |
||
| 215 |
_a123, [4] с. _cил., цв. ил. _d24 |
||
| 300 | _aФактическая дата выхода в свет - 2023 | ||
| 333 | _a6+ | ||
| 686 | 0 | _aШ9(2)60=Р7-2 | |
| 700 | 1 |
_7ca _8rus _aСемёнов _bИ. _cдет. писатель _f1976- _gИван _9265176 _3RU\NLR\AUTH\770265232 |
|
| 702 | 1 |
_aПавликова _bМ. _gМария _4040 |
|
| 942 | _cBOOK | ||
| 980 | _aNB | ||